Atención odontológica en infección por VIH/SIDA (Registro nro. 1386)

000 -CABECERA
Campo de control de longitud fija 01089nam a22002417a 4500
001 - NÚMERO DE CONTROL
Campo de control 001904
003 - IDENTIFICADOR DEL NÚMERO DE CONTROL
Campo de control OSt
005 - FECHA Y HORA DE LA ÚLTIMA TRANSACCIÓN
Campo de control 20241021103308.0
008 - CÓDIGOS DE INFORMACIÓN DE LONGITUD FIJA
Campo de control de longitud fija 241021b xxu||||| |||| 00| 0 spa d
040 ## - FUENTE DE LA CATALOGACIÓN
Centro que cataloga Bogotá (Dr. David Ordóñez Rueda) - Campus Norte
Centro catalogador de origen Unicoc
Lengua de catalogación spa
Centro modificador Bogotá (Dr. David Ordóñez Rueda) - Campus Norte
082 ## - NÚMERO DE LA CLASIFICACIÓN DECIMAL DEWEY
Número de clasificación 617.604 A864
100 ## - PUNTO DE ACCESO PRINCIPAL - NOMBRE DE PERSONA
Nombre de persona Colombia. Ministerio de Salud
245 ## - MENCIÓN DE TÍTULO
Título Atención odontológica en infección por VIH/SIDA
Subtitulo o Resto del título : protocólo básico para el equipo de salud
Mención de responsabilidad etc. / Ministerio se Salud ; compilación y redacción final Ricardo Luque Nuñez
260 ## - PUBLICATION, DISTRIBUTION, ETC. (IMPRINT)
Lugar de publicación distribución etc. Bogotá :
Nombre del editor distribuidor etc. Ministerio de Salud
300 ## - DESCRIPCIÓN FÍSICA
Extensión 17 Paginas.
504 ## - NOTA DE BIBLIOGRAFÍA; ETC.
Nota de bibliografía etc. Incluye bibliografía (p.16)
505 ## - NOTA DE CONTENIDO CON FORMATO
Título La labor profesional del odontólogo para establecer hipótesis diagnósticas. --
-- La labor del trabajador de la salud oral en el control de la trasmisión y propagación del VIH. --
-- Manejo asistencial del paciente con infección por VIH/SIDA.
526 ## - NOTA DE INFORMACIÓN SOBRE EL PROGRAMA DE ESTUDIO
Institución que aplica el campo Unicoc
546 ## - NOTA DE LENGUA
Nota de lengua Español
650 ## - PUNTO DE ACCESO ADICIONAL DE MATERIA - TÉRMINO DE MATERIA
Término de materia o nombre geográfico como elemento inicial SINDROME DE INMUNODEFICIENCIA HUMANA (VIH) \ ATENCION ODONTOLOGICA \ ODONTOLOGIA
650 ## - PUNTO DE ACCESO ADICIONAL DE MATERIA - TÉRMINO DE MATERIA
Término de materia o nombre geográfico como elemento inicial PRACTICA PROFESIONAL \ BIOSEGURIDAD
942 ## - ENTRADA PARA ELEMENTOS AGREGADOS (KOHA)
Fuente de clasificación o esquema de ordenación en estanterías
Koha [por defecto] tipo de item Libro
Existencias
Fecha última consulta Fecha del precio de reemplazo Fecha de adquisición Número de ejemplar Fuente de clasificación o esquema de ordenación en estanterías Tipo de item de Koha Estropeado Código de barras Localización permanente Estado de pérdida No para préstamo Localización actual Signatura completa
2015-06-052014-05-212010-06-18Ej. 4 Libro B1272Bogotá (Dr. David Ordóñez Rueda) - Campus Norte  Bogotá (Dr. David Ordóñez Rueda) - Campus Norte617.604 A864
2015-06-052014-05-212010-06-18Ej. 3 Libro B1273Bogotá (Dr. David Ordóñez Rueda) - Campus Norte  Bogotá (Dr. David Ordóñez Rueda) - Campus Norte617.604 A864
2015-06-052014-05-212010-06-18Ej. 1 Libro B1274Bogotá (Dr. David Ordóñez Rueda) - Campus Norte  Bogotá (Dr. David Ordóñez Rueda) - Campus Norte617.604 A864
2015-06-052014-05-212010-06-18Ej. 2 Libro B1275Bogotá (Dr. David Ordóñez Rueda) - Campus Norte  Bogotá (Dr. David Ordóñez Rueda) - Campus Norte617.604 A864

© 2014 UNICOC | Institución Universitaria Colegios de Colombia - UNICOC
Bogotá D.C. Autopista Norte Km. 20. Teléfono:(571)6683535
Cali: Calle 13 Norte No. 3N-13. Teléfono: (572)6608887

Con tecnología de Koha